000
00318nam a2200121Ia 4500
008
190216s9999||||xx |||||||||||||| ||und||
100
_a
"Krishnamoorthy, Ramamoorthy, And Rajagopalan"
245
0
_a
Modern Physics
250
_a
3rd Ed.
260
_b
National Publishing House
_c
1965
650
_a
Physics
942
_c
BK
999
_c
32697
_d
32697